000 00591nam a2200217 a 4500
008
020 _a0713128607(pbk.)
049 _aMAIN
090 _aQK103 DRI
100 1 _aDring, M. J.
245 1 4 _aThe biology of marine plants /
_cM.J. Dring.
260 _aLondon :
_bE. Arnold,
_c1982.
300 _aviii, 199 p. :
_bill., maps ;
_c23 cm.
490 0 _aContemporary biology.
650 0 _aMarine plants.
907 _a.b10206905
_b10-07-06
_c10-07-06
003
005 20230123134225.0
040 _cNUST
942 _cBOOKS
_kQK103 DRI
999 _c162182
_d162182